Любовникът на лейди София (Запис номер 322908)
[ съкратено ]
| 000 -Лидер | |
|---|---|
| Контролно поле с фиксирана дължина | 00986aaa a2200265 a 4500 |
| 003 - Код на организацията, давaща контролен номер | |
| Контролно поле | BLK |
| 005 - Дата и час на последна редакция | |
| Контролно поле | 20250718104318.0 |
| 008 - Елементи от данни с фиксирана дължина | |
| fixed length control field | 180815b bul||||| |||| 00| 0 bul d |
| 020 ## - Международен стандартен номер на книга ISBN | |
| Международен стандартен номер на книга ISBN | 978-619-165-089-7 |
| 040 ## - Източник на каталожния запис | |
| Идентификатор на билиотеката - собственик на записа | BLK |
| 041 ## - Код за език | |
| Код за езика на текст/звукозапис или на отделно заглавие | Български |
| Код за езика КДБФ | Български |
| 080 ## - УДК | |
| Текстов определител УДК | Американска литература (на САЩ) |
| УДК код - определител по УДК | 821.111(73) |
| УДК определител | -31 |
| УДК - код + определител | 821.111(73)-31 |
| 100 ## - Редна дума - Автор | |
| Автор | Клейпас, София |
| Авторска отговорност | първи автор |
| R(LIN) | 1299 |
| 139 ## - Редно поле | |
| Авторски знак | Кла - К 63 |
| 245 ## - Сведения за заглавието | |
| Заглавие | Любовникът на лейди София |
| Редно поле (дума) | Лайза Клейпас ; прев. от англ. Дияна Райкова |
| 257 ## - Страна на издаване | |
| Страна на създаване/издаване | Съединени американски щати |
| 260 ## - Област на издателските данни | |
| Име на издателя, разпространителя и проч. | Ергон |
| Година на издаване | 2018 |
| Място на издаване, разпространение и проч. | София |
| Печатница | София : Инвестпрес |
| 300 ## - Физическа характеристика | |
| Страници | 296 с. |
| Размери/Мащаб | 20 см |
| 380 ## - Жанр | |
| Жанр | Худож. лит. |
| 490 ## - СЕРИИ (Колекции) | |
| 9 (RLIN) | 201120 |
| Име на серия | Библиотека Любов и Съдба |
| 500 ## - Общи забележки | |
| Забележка | Ориг. загл. Lady Sofia's lover / Lisa Kleypas |
| 765 ## - Описание на заглавието на оригиналният език | |
| Редна дума на основното описание | Lady Sofia's lover |
| 999 ## - СИСТЕМНИ КОНТРОЛНИ НОМЕРА | |
| Koha biblionumber | 322908 |
| Koha biblioitemnumber | 322908 |
| 942 ## - АРТИКУЛИ | |
| Вид на библиотечния материал | Книги |
| Източник на класификационната схема | Universal Decimal Classification |
| Скрит в OPAC | Не |
| Koha issues (borrowed), all copies | 102 |
| 944 ## - СЪЗДАВАНЕ И РЕДАКЦИЯ на ЗАПИСА | |
| Служител, извършил регистрацията/редакцията | 30530 |
| Статус, дата на статуса | Минев Младен |
| Код за отписване | Код за изгубен артикул | Източник на класификационната схема | Код за повреда | Коз за рестрикции | Код за отдаване | Артикулен № | Име на библиотеката - собственик | Име на библиотеката, в която се намира в момента | Статус (Текущо местоположение) | Дата на вписване в системата | Местоположение - отдел | Цена в лева | Инвентарен номер | Систематично азбучна сигнатура | Баркод | Цена в евро | Служебен тип на артикула |
|---|---|---|---|---|---|---|---|---|---|---|---|---|---|---|---|---|---|
| Не е изгубен | Universal Decimal Classification | Не е повреден | без рестрикции | заемане за дома | 677327 | Регионална библиотека "Любен Каравелов" Русе | Регионална библиотека "Любен Каравелов" Русе | Количка | 2018-06-15 | Заемна - подръчен фонд | 16.99 | 120000821131 | П 820(73)-31/К 63 | 120000821131 | 8.69 | Книги | |
| Изтеглен | Не е изгубен | Universal Decimal Classification | Не е повреден | без рестрикции | заемане за дома | 677328 | Регионална библиотека "Любен Каравелов" Русе | Регионална библиотека "Любен Каравелов" Русе | Заемна - подръчен фонд | 2018-06-15 | Заемна - подръчен фонд | 16.99 | 120000821463 | П 820(73)-31/К 63 | 120000821463 | 8.69 | Книги |
| Не е изгубен | Universal Decimal Classification | Не е повреден | без рестрикции | заемане за дома | 677329 | Регионална библиотека "Любен Каравелов" Русе | Регионална библиотека "Любен Каравелов" Русе | Заемна - подръчен фонд | 2018-06-15 | Заемна - подръчен фонд | 16.99 | 120000821130 | П 820(73)-31/К 63 | 120000821130 | 8.69 | Книги | |
| Не е изгубен | Universal Decimal Classification | Не е повреден | без рестрикции | заемане за дома | 677330 | Регионална библиотека "Любен Каравелов" Русе | Регионална библиотека "Любен Каравелов" Русе | Заемна - подръчен фонд | 2018-06-15 | Заемна - подръчен фонд | 16.99 | 120000821132 | П 820(73)-31/К 63 | 120000821132 | 8.69 | Книги | |
| Не е изгубен | Universal Decimal Classification | Не е повреден | ползва се в читалня | 746629 | Регионална библиотека "Любен Каравелов" Русе | Регионална библиотека "Любен Каравелов" Русе | Хранилище | 2019-09-26 | Хранилище | 16.99 | Цб 297026 | 120000836620 | 8.69 | Книги |